| 000 | 00918nam a2200265 i 4500 | ||
|---|---|---|---|
| 001 | 105416 | ||
| 003 | ES-MaACL | ||
| 005 | 20250804015548.0 | ||
| 007 | t| | ||
| 008 | 060707s1970 fr ||||1| fre d | ||
| 080 | _a32(47+57)"1953/85" | ||
| 080 | _a308(47)"1953/85" | ||
| 100 | 1 |
_aAmalrik, Andreï. _921103 |
|
| 245 | 1 | 2 |
_aL'Union Soviétique survivra-t-elle en 1984? / _cAndreï Amalrik ; traduction de Michel Tatu ; préface de Alain Besançon. |
| 260 |
_a[Paris] : _bFayard, _c[1970] |
||
| 300 |
_a118 p. ; _c22 cm. |
||
| 490 | 1 |
_aLe monde sans frontières ; _v16 |
|
| 651 | 4 |
_aURSS- _xHistoria- _y1953-1985. _9156669 |
|
| 651 | 4 |
_aURSS- _xPolítica y gobierno- _y1953-1985. _99482 |
|
| 700 | 1 |
_aTatu, Michel. _9109397 |
|
| 700 | 1 |
_aBesançon, Alain _928562 |
|
| 830 | 1 |
_aLe monde sans frontières ; _v16 _9232720 |
|
| 852 |
_aES-MaACL _jAND-210 _z- Biblioteca Juan Andrade |
||
| 999 |
_c105416 _d105416 |
||